Movie Posters XV Quiz Stats

 Plays Quiz Updated Jun 22, 2017

Score 0/24 Timer 06:00
29 Plays Today
Hint Answer % Correct
Mulan
93.8%
The Smurfs
92.4%
Austin Powers: International Man of Mystery
92%
The Wolf of Wall Street
89.1%
Frozen
87.3%
21 Jump Street
85.7%
The Karate Kid (1984)
78%
V for Vendetta
76.2%
Skyfall
75.3%
Harold & Kumar Go to White Castle
74.1%
Blade
72%
Cleopatra
71%
Hint Answer % Correct
Armageddon
63.3%
American Hustle
60.3%
Remember the Titans
59.7%
27 Dresses
59.7%
How to Lose a Guy in 10 Days
54.9%
Gravity
53.9%
2001: A Space Odyssey
46.3%
Point Break
45.3%
Cabaret
35.6%
Three Kings
34.7%
My Fair Lady
21.4%
Reality Bites
19.3%

You're not logged in!

Compare scores with friends on all Sporcle quizzes.
OR
Log In

Show Comments

Extras

Top Quizzes Today


Score Distribution

Your Account Isn't Verified!

In order to create a playlist on Sporcle, you need to verify the email address you used during registration. Go to your Sporcle Settings to finish the process.

Report this User

Report this user for behavior that violates our Community Guidelines.

Details: